000 00382nam a2200133 i 4500
001 bg
100 1 _aSobczyk, Kazimierz
_d(1939- ).
245 0 _aStochastic differential equations :
_bwith applications to physics and engineering /
_cKazimierz Sobczyk.
260 _aDordrecht,
_c1991.
040 _cBPK
041 _apol
942 _cKS
008 s pl f |000 0 pol
999 _c29642
_d29642
856 _uhttp://koha.tu.koszalin.pl/cgi-bin/koha/opac-detail.pl?biblionumber=29642
_yKatalog online BPK